Music Quiz

Random Music or Artist Quiz

Same Title Songs Quiz Stats

 Plays Quiz not verified by Sporcle

Challenge
Share
Tweet
Embed
Score 0/20 Timer 07:00
0 Plays Today
Artist (Year) Song % Correct
Lionel Richie (1984)Hello
92%
Radiohead (1993)Creep
88%
Justin Bieber (2010)Baby
80%
The Pointer Sisters (1983)Jump
76%
Metallica (1988)One
76%
Bee Gees (1977)How Deep is Your Love?
60%
Ne-Yo (2008)Closer
56%
Simple Minds (1985)All The Things She Said
56%
Frankie Goes to Hollywood (1984)The Power of Love
56%
Lulu (1964)Shout
56%
Artist (Year) Song % Correct
The Carpenters (1971)Superstar
52%
The Beatles (1963)Money
52%
Alice Cooper (1989)Poison
52%
The Rolling Stones (1971)Brown Sugar
44%
Billy Joel (1977)Vienna
44%
The Beatles (1969)Come Together
40%
Billy Squier (1981)Lonely is the Night
32%
Frank Sinatra (1935)The Most Beautiful Girl in the World
24%
Kenny Loggins (1979)This Is It
24%
Fleetwood Mac (1977)Songbird
20%

You're not logged in!

Compare scores with friends on all Sporcle quizzes.
OR
Log In

You Might Also Like...

Show Comments

Extras

Created Dec 3, 2016ReportNominate
Tags:Artist Quiz, Song Quiz, release, same

Top Quizzes Today


Score Distribution

Your Account Isn't Verified!

In order to create a playlist on Sporcle, you need to verify the email address you used during registration. Go to your Sporcle Settings to finish the process.

Report this User

Report this user for behavior that violates our Community Guidelines.

Details: